书目信息 |
| 题名: |
质量控制手册
|
|
| 作者: | 朱兰 著 ;《质量控制手册》编译组 编 | |
| 分册: | 下册 | |
| 出版信息: | 上海 上海科学技术文献出版社 1980 |
|
| 页数: | 769页 | |
| 开本: | 26cm | |
| 丛书名: | ||
| 单 册: | ||
| 中图分类: | T-62 | |
| 科图分类: | ||
| 主题词: | 工程技术人员--手册 , 工程技术手册 | |
| 电子资源: | ||
| ISBN: | ||
| 000 | 00737nam0 2200217 45 | |
| 001 | 0312221749 | |
| 005 | 20060525094318.34 | |
| 010 | @dCNY6.00 | |
| 091 | @a15192.103 | |
| 100 | @a20031222d1980 km y0chiy0120 ea | |
| 101 | @achi | |
| 200 | 1 | @a质量控制手册@Azhi liang kong zhi shou ce@h下册@f(美)J·M·朱兰著@F(mei)J·M·zhu lan zhu@g《质量控制手册》编译组编@G《zhi liang kong zhi shou ce》bian yi zu bian |
| 210 | @a上海@c上海科学技术文献出版社@d1980 | |
| 215 | @a769页@d26cm | |
| 606 | 0 | @a工程技术人员@x手册 |
| 606 | 0 | @a工程技术手册 |
| 690 | @aT-62@v3 | |
| 701 | 0 | @a朱兰@Azhu lan@4著 |
| 712 | 0 | @a《质量控制手册》编译组@A《zhi liang kong zhi shou ce》bian yi zu@4编 |
| 801 | @aCN@bTSTCL@c20060525 | |
| 905 | @a213230@dT-62@e49:2 | |
| 质量控制手册.下册/(美)J·M·朱兰著/《质量控制手册》编译组编.-上海:上海科学技术文献出版社,1980 |
| 769页;26cm |
| ISBN :CNY6.00 |
| ● |
| 相关链接 |
|
|
|
|
正题名:质量控制手册
索取号:T-62/49:2
 
预约/预借
| 序号 | 登录号 | 条形码 | 馆藏地/架位号 | 状态 | 备注 |
| 1 | 0119409 | 202382108 | 密集书库/ [索取号:T-62/49:2] | 在馆 | |
| 2 | 0119410 | 202382563 | 密集书库/ [索取号:T-62/49:2] | 在馆 | |
| 3 | 0119411 | 000882815 | 第二样本阅览室/ [索取号:T-62/49:2] | 在馆 | |
| 4 | 0158148 | 202382572 | 密集书库/ [索取号:T-62/49:2] | 在馆 |